Planets to cosmology-essential science in the final years of the hubble space telescope (Record no. 16441)

MARC details
000 -LEADER
fixed length control field 01109nam a2200241Ia 4500
003 - CONTROL NUMBER IDENTIFIER
control field IN-BaIIA
008 - FIXED-LENGTH DATA ELEMENTS--GENERAL INFORMATION
fixed length control field 211028s9999 xx 000 0 eng d
020 ## - INTERNATIONAL STANDARD BOOK NUMBER
International Standard Book Number 0-521-84758-3
040 ## - CATALOGING SOURCE
Transcribing agency IIA Library
080 ## - UNIVERSAL DECIMAL CLASSIFICATION NUMBER
Universal Decimal Classification number 524.834(082.2)
Item number PLA
111 ## - MAIN ENTRY--MEETING NAME
Meeting name or jurisdiction name as entry element Space Telescope Science Institute Symposium
Location of meeting USA
Date of meeting or treaty signing 2004 May 3-6
9 (RLIN) 30501
245 #0 - TITLE STATEMENT
Title Planets to cosmology-essential science in the final years of the hubble space telescope
Remainder of title proceedings of the space telescope science institute symposium held in Baltimore, USA, 3--6 May 2004
Statement of responsibility, etc. edited by Mario Livio and Stefano Casertano
260 ## - PUBLICATION, DISTRIBUTION, ETC.
Place of publication, distribution, etc. Cambridge
Name of publisher, distributor, etc. Cambridge University Press
Date of publication, distribution, etc. 2006
300 ## - PHYSICAL DESCRIPTION
Extent xi, 203p.
490 ## - SERIES STATEMENT
Series statement Space telescope science institute symposium series; 18
650 ## - SUBJECT ADDED ENTRY--TOPICAL TERM
Topical term or geographic name entry element Astronomy - research - congresses
9 (RLIN) 30502
650 ## - SUBJECT ADDED ENTRY--TOPICAL TERM
Topical term or geographic name entry element Hubble space telescope(Spacecraft)
9 (RLIN) 30503
650 ## - SUBJECT ADDED ENTRY--TOPICAL TERM
Topical term or geographic name entry element Space telescopes - research - congresses
9 (RLIN) 30504
700 ## - ADDED ENTRY--PERSONAL NAME
Personal name Casertano, Stefano, ed.
9 (RLIN) 17393
700 ## - ADDED ENTRY--PERSONAL NAME
Personal name Livio, Mario, ed.
9 (RLIN) 13149
710 ## - ADDED ENTRY--CORPORATE NAME
Corporate name or jurisdiction name as entry element Space telescope science institute
9 (RLIN) 22572
942 ## - ADDED ENTRY ELEMENTS (KOHA)
Koha item type Books
Holdings
Withdrawn status Lost status Damaged status Not for loan Home library Current library Shelving location Date acquired Source of acquisition Cost, normal purchase price Total Checkouts Full call number Barcode Date last seen Cost, replacement price Price effective from Koha item type Purchase Price
        IIA Library-Bangalore IIA Library-Bangalore General Stacks 12/03/2007 FBB 5290.80   524.834(082.2)/ PLA 17363 05/11/2021 5290.80 12/03/2007 Books Rs. 5290.80

Powered by Koha